00423nam a2200157Ia 45000010006000000050017000060080041000230410008000640820017000721000031000892450092001202600009002123000028002216500008002496540008002571723720260306170410.0260306t2019||||xx |||||||||||||| ||und|| aESP a657.61bA93C aAyala Zavala, PascualeAUT 0aAnálisis y dinámica del nuevo PCGE 2020 por subcuentas y su aplicación práctica c2019 a616 páginas :c25 cm. aGEN aCCO